000 00507nam a2200205Ia 4500
003 GCL
008 140319s9999 xx 000 0 eng d
040 _aGCL /
_cGCL
082 0 4 _a956
_bL S
100 1 _aLEWIS, BERNARD
245 1 0 _aSEMITES ET ANTISEMITES /
_cLEWIS, BERNARD
260 _a[S.N] :
_bFAYARD ،
_c1987
300 _a365 P
650 0 4 _aISRAEL - ARAB CONFLICT
650 0 4 _aHISTORY
650 0 4 _aISRAEL
650 0 4 _aARABIC CONFLICTS
650 0 4 _aARABIC COUNTRIES
942 _2ddc
_cBK
999 _c24754
_d24754